000 00373 a2200169 4500
001 174344
020 _a85-16-00624-7
040 _cMagnum
100 _aCarr, Stella
240 1 0 _aO caso da estranha fotografia
_lpor
245 1 0 _aO caso da estranha fotografia
300 _a86
362 0 _a1993
440 1 _aModerna
697 _aLITERATURA JUVENIL
942 _cBK
999 _c174344
_d174344